000 00705nam a22002531 4500
001 32984
003 BD-RjUL
005 20211209051928.0
008 720418s1953 xx 001 0 eng
035 _a(BD-RjUL)33074
035 _a(OCoLC)287996
040 _aDLC
_cOAU
_dUk
_dDLC
_dBD-RjUL
_beng
041 _aeng
082 _a297
_bDOS 1953
100 1 _aDonaldson, Dwight M.
_999556
245 0 0 _aStudies in Muslim ethics /
_cDwight M.Donaldson.
260 _aLondon :
_bS. P. C. K.,
_c1953.
300 _axi, 304 p. ;
_c22 cm.
504 _aBibliography: p. 289-295 & Includes Index.
650 0 _aIslamic ethics.
_9100248
942 _2ddc
_cBK
999 _c32984
_d32984